000 00536nam a2200169 4500
001 140166
003 ES-MaACL
005 20230906200025.0
007 t|
008 070214s1969 sp r ||||1| spa d
100 1 _aSegado del Olmo, Antonio.
_9105103
245 1 3 _aEl palmeral /
_cAntonio Segado del Olmo.
260 _aMurcia :
_bPatronato de Cultura de la Diputación,
_c1969 (
_fImp. Provincial)
300 _a156 p. ;
_c20 cm.
710 2 _aPatronato Provincial de Cultura (Murcia)
_96196
852 _aES-MaACL
_jC-51676
_bR.71847
999 _c140166
_d140166